<?xml version="1.0" encoding="UTF-8"?>
<record
    xmlns:xsi="http://www.w3.org/2001/XMLSchema-instance"
    xsi:schemaLocation="http://www.loc.gov/MARC21/slim http://www.loc.gov/standards/marcxml/schema/MARC21slim.xsd"
    xmlns="http://www.loc.gov/MARC21/slim">

  <leader>00421nam a2200169   4500</leader>
  <controlfield tag="003">SEACOMEC</controlfield>
  <controlfield tag="005">20240110154706.0</controlfield>
  <controlfield tag="008">240110b        |||||||| |||| 00| 0 eng d</controlfield>
  <datafield tag="020" ind1=" " ind2=" ">
    <subfield code="c">Rs.220.00</subfield>
  </datafield>
  <datafield tag="040" ind1=" " ind2=" ">
    <subfield code="a">SEACOMEC</subfield>
  </datafield>
  <datafield tag="082" ind1=" " ind2=" ">
    <subfield code="a">530</subfield>
    <subfield code="b">S774</subfield>
  </datafield>
  <datafield tag="100" ind1=" " ind2=" ">
    <subfield code="a">Srinivasan,M.R.</subfield>
  </datafield>
  <datafield tag="245" ind1="1" ind2=" ">
    <subfield code="a">Physics for engineers</subfield>
    <subfield code="c">M.R. Srinivasan</subfield>
  </datafield>
  <datafield tag="260" ind1=" " ind2=" ">
    <subfield code="a">New Delhi</subfield>
    <subfield code="b">New Age</subfield>
    <subfield code="c">2001</subfield>
  </datafield>
  <datafield tag="650" ind1=" " ind2=" ">
    <subfield code="a">Natural sciences,Physics</subfield>
  </datafield>
  <datafield tag="942" ind1=" " ind2=" ">
    <subfield code="c">BOOK</subfield>
  </datafield>
  <datafield tag="952" ind1=" " ind2=" ">
    <subfield code="0">0</subfield>
    <subfield code="1">0</subfield>
    <subfield code="2">ddc</subfield>
    <subfield code="4">0</subfield>
    <subfield code="7">0</subfield>
    <subfield code="a">SEACOMEC</subfield>
    <subfield code="b">SEACOMEC</subfield>
    <subfield code="d">2006-06-04</subfield>
    <subfield code="l">0</subfield>
    <subfield code="o">530 S774</subfield>
    <subfield code="p">01482</subfield>
    <subfield code="r">2024-01-10 15:47:35</subfield>
    <subfield code="t">10</subfield>
    <subfield code="w">2024-01-10</subfield>
    <subfield code="y">BOOK</subfield>
  </datafield>
  <datafield tag="952" ind1=" " ind2=" ">
    <subfield code="0">0</subfield>
    <subfield code="1">0</subfield>
    <subfield code="2">ddc</subfield>
    <subfield code="4">0</subfield>
    <subfield code="7">0</subfield>
    <subfield code="a">SEACOMEC</subfield>
    <subfield code="b">SEACOMEC</subfield>
    <subfield code="d">2006-06-04</subfield>
    <subfield code="l">0</subfield>
    <subfield code="o">530 S774</subfield>
    <subfield code="p">01483</subfield>
    <subfield code="r">2024-01-10 15:47:35</subfield>
    <subfield code="t">11</subfield>
    <subfield code="w">2024-01-10</subfield>
    <subfield code="y">BOOK</subfield>
  </datafield>
  <datafield tag="952" ind1=" " ind2=" ">
    <subfield code="0">0</subfield>
    <subfield code="1">0</subfield>
    <subfield code="2">ddc</subfield>
    <subfield code="4">0</subfield>
    <subfield code="7">0</subfield>
    <subfield code="a">SEACOMEC</subfield>
    <subfield code="b">SEACOMEC</subfield>
    <subfield code="d">2006-06-04</subfield>
    <subfield code="l">0</subfield>
    <subfield code="o">530 S774</subfield>
    <subfield code="p">01484</subfield>
    <subfield code="r">2024-01-10 15:47:35</subfield>
    <subfield code="t">12</subfield>
    <subfield code="w">2024-01-10</subfield>
    <subfield code="y">BOOK</subfield>
  </datafield>
  <datafield tag="952" ind1=" " ind2=" ">
    <subfield code="0">0</subfield>
    <subfield code="1">0</subfield>
    <subfield code="2">ddc</subfield>
    <subfield code="4">0</subfield>
    <subfield code="7">0</subfield>
    <subfield code="a">SEACOMEC</subfield>
    <subfield code="b">SEACOMEC</subfield>
    <subfield code="d">2006-06-04</subfield>
    <subfield code="l">0</subfield>
    <subfield code="o">530 S774</subfield>
    <subfield code="p">01485</subfield>
    <subfield code="r">2024-01-10 15:47:35</subfield>
    <subfield code="t">13</subfield>
    <subfield code="w">2024-01-10</subfield>
    <subfield code="y">BOOK</subfield>
  </datafield>
  <datafield tag="952" ind1=" " ind2=" ">
    <subfield code="0">0</subfield>
    <subfield code="1">0</subfield>
    <subfield code="2">ddc</subfield>
    <subfield code="4">0</subfield>
    <subfield code="7">0</subfield>
    <subfield code="a">SEACOMEC</subfield>
    <subfield code="b">SEACOMEC</subfield>
    <subfield code="d">2006-06-04</subfield>
    <subfield code="l">0</subfield>
    <subfield code="o">530 S774</subfield>
    <subfield code="p">01486</subfield>
    <subfield code="r">2024-01-10 15:47:35</subfield>
    <subfield code="t">14</subfield>
    <subfield code="w">2024-01-10</subfield>
    <subfield code="y">BOOK</subfield>
  </datafield>
  <datafield tag="952" ind1=" " ind2=" ">
    <subfield code="0">0</subfield>
    <subfield code="1">0</subfield>
    <subfield code="2">ddc</subfield>
    <subfield code="4">0</subfield>
    <subfield code="7">0</subfield>
    <subfield code="a">SEACOMEC</subfield>
    <subfield code="b">SEACOMEC</subfield>
    <subfield code="d">2006-06-04</subfield>
    <subfield code="l">0</subfield>
    <subfield code="o">530 S774</subfield>
    <subfield code="p">01487</subfield>
    <subfield code="r">2024-01-10 15:47:35</subfield>
    <subfield code="t">15</subfield>
    <subfield code="w">2024-01-10</subfield>
    <subfield code="y">BOOK</subfield>
  </datafield>
  <datafield tag="952" ind1=" " ind2=" ">
    <subfield code="0">0</subfield>
    <subfield code="1">0</subfield>
    <subfield code="2">ddc</subfield>
    <subfield code="4">0</subfield>
    <subfield code="7">0</subfield>
    <subfield code="a">SEACOMEC</subfield>
    <subfield code="b">SEACOMEC</subfield>
    <subfield code="d">2006-06-04</subfield>
    <subfield code="l">0</subfield>
    <subfield code="o">530 S774</subfield>
    <subfield code="p">01488</subfield>
    <subfield code="r">2024-01-10 15:47:35</subfield>
    <subfield code="t">16</subfield>
    <subfield code="w">2024-01-10</subfield>
    <subfield code="y">BOOK</subfield>
  </datafield>
  <datafield tag="952" ind1=" " ind2=" ">
    <subfield code="0">0</subfield>
    <subfield code="1">0</subfield>
    <subfield code="2">ddc</subfield>
    <subfield code="4">0</subfield>
    <subfield code="7">0</subfield>
    <subfield code="a">SEACOMEC</subfield>
    <subfield code="b">SEACOMEC</subfield>
    <subfield code="d">2006-06-04</subfield>
    <subfield code="l">0</subfield>
    <subfield code="o">530 S774</subfield>
    <subfield code="p">01489</subfield>
    <subfield code="r">2024-01-10 15:47:35</subfield>
    <subfield code="t">17</subfield>
    <subfield code="w">2024-01-10</subfield>
    <subfield code="y">BOOK</subfield>
  </datafield>
  <datafield tag="952" ind1=" " ind2=" ">
    <subfield code="0">0</subfield>
    <subfield code="1">0</subfield>
    <subfield code="2">ddc</subfield>
    <subfield code="4">0</subfield>
    <subfield code="7">0</subfield>
    <subfield code="a">SEACOMEC</subfield>
    <subfield code="b">SEACOMEC</subfield>
    <subfield code="d">2006-06-04</subfield>
    <subfield code="l">0</subfield>
    <subfield code="o">530 S774</subfield>
    <subfield code="p">01490</subfield>
    <subfield code="r">2024-01-10 15:47:35</subfield>
    <subfield code="t">18</subfield>
    <subfield code="w">2024-01-10</subfield>
    <subfield code="y">BOOK</subfield>
  </datafield>
  <datafield tag="952" ind1=" " ind2=" ">
    <subfield code="0">0</subfield>
    <subfield code="1">0</subfield>
    <subfield code="2">ddc</subfield>
    <subfield code="4">0</subfield>
    <subfield code="7">0</subfield>
    <subfield code="a">SEACOMEC</subfield>
    <subfield code="b">SEACOMEC</subfield>
    <subfield code="d">2006-06-04</subfield>
    <subfield code="l">0</subfield>
    <subfield code="o">530 S774</subfield>
    <subfield code="p">01491</subfield>
    <subfield code="r">2024-01-10 15:47:35</subfield>
    <subfield code="t">19</subfield>
    <subfield code="w">2024-01-10</subfield>
    <subfield code="y">BOOK</subfield>
  </datafield>
  <datafield tag="999" ind1=" " ind2=" ">
    <subfield code="c">452</subfield>
    <subfield code="d">452</subfield>
  </datafield>
</record>
